000 006140000a22001930004500
090 _aAR
_b01711
245 1 0 _aWater balance of free-ranging little brown bats (<Myotis lucifugus>) during pregnancy and lactation
650 1 4 _aMurciélagos
_92659
650 1 4 _aFisiología animal
_99500
650 1 4 _aDieta
_916312
653 _gMyotis
_eMyotis lucifugus
041 0 _aInglés
700 1 _aKunz, Thomas H.
_994801
700 1 _aBell, Gary P.
_995135
700 1 _aNagy, Kenneth A.
_994398
100 1 _aKurta, Allen
_994823
942 _cARTICULO
773 1 _tCanadian Journal of Zoology
_3188
_h67
_q2468-2472
_d1989
999 _c10790
_d10790